[Event "Wiesbaden op 23rd"]
[Site "Wiesbaden"]
[Date "2011.08.28"]
[Round "6"]
[White "Marzahn, Heiko"]
[Black "Kreiling, Carsten"]
[Result "1/2-1/2"]
[WhiteElo "1984"]
[BlackElo "2138"]
[PlyCount "32"]
[EventDate "2011.08.25"]
[EventType "swiss"]
[EventRounds "7"]
[EventCountry "GER"]
[SourceTitle "CBM 144 Extra"]
[Source "ChessBase"]
[SourceDate "2011.10.28"]
[SourceVersion "1"]
[SourceVersionDate "2011.10.28"]
[SourceQuality "1"]

1. e4 c5 2. Nc3 Nc6 3. f4 g6 4. Nf3 Bg7 5. Be2 d6 6. 0-0 Nf6 7. d3 0-0 8. Qe1 Nd4 9. Nxd4 cxd4 10. Nd1 Qc7 11. c4 dxc3 12. bxc3 Bd7 13. Nf2 Rfc8 14. Bd2 b5 15. g4 Qb6 16. Kg2 e6 1/2-1/2

[Event "Wiesbaden op 23rd"]
[Site "Wiesbaden"]
[Date "2011.08.27"]
[Round "4"]
[White "Simkin, Mark"]
[Black "Kreiling, Carsten"]
[Result "1-0"]
[WhiteElo "2004"]
[BlackElo "2138"]
[PlyCount "89"]
[EventDate "2011.08.25"]
[EventType "swiss"]
[EventRounds "7"]
[EventCountry "GER"]
[SourceTitle "CBM 144 Extra"]
[Source "ChessBase"]
[SourceDate "2011.10.28"]
[SourceVersion "1"]
[SourceVersionDate "2011.10.28"]
[SourceQuality "1"]

1. d4 Nf6 2. c4 c5 3. d5 e6 4. Nc3 exd5 5. cxd5 d6 6. e4 g6 7. Nf3 Bg7 8. Bg5 0-0 9. Nd2 Na6 10. Be2 Nc7 11. 0-0 h6 12. Bh4 Qd7 13. a4 b6 14. Bg3 Bb7 15. Nc4 Nfe8 16. Nb5 Nxb5 17. axb5 Bd4 18. Ra3 f5 19. exf5 gxf5 20. Bf4 Bxd5 21. Bxh6 Rf7 22. Rg3+ Kh8 23. Bd3 Nf6 24. Ne3 Be4 25. Bg5 Rh7 26. Bxf6+ Bxf6 27. Bxe4 fxe4 28. Qd5 Re8 29. Nc4 Be5 30. Nxe5 dxe5 31. Qxe4 Qd4 32. Qg6 Rf8 33. b3 e4 34. Re3 Qe5 35. g3 Qd4 36. Qxe4 Qd2 37. Rf3 Rxf3 38. Qxf3 Rg7 39. Rd1 Qg5 40. Rd5 Qe7 41. Qh5+ Rh7 42. Re5 Rxh5 43. Rxe7 Rd5 44. Rxa7 Rd4 45. Rb7 1-0